000 01189nam0a22002771 4500
001 rc\404111
005 20030616165826.0
035 _a(NLR Aleph) 005652655
090 _a6788472
_c6788472
100 _a20030616d1989 u |0rusy50 ca
101 0 _arus
102 _aRU
105 _aa |||||||||
200 1 _aГидрофильность поверхности и ее влияние на молекулярно-статистические свойства граничных слоев воды
_fВ.В. Ильин, В.М. Хряпа, Н.В. Чураев
210 _aКиев
_cИТФ
_d1989
215 _a16 с.
_cил.
_d21
225 1 _aПрепринт
_fАН УССР, Ин-т теорет. физики
_vИТФ-89-35Р
320 _aБиблиогр.: с. 13-15 (34 назв.)
700 1 _aИльин
_bВ. В.
_cд-р физ.-мат. наук
_gВалерий Владимирович
_3RU\NLR\AUTH\770194004
701 1 _aХряпа
_bВ. М.
_gВалерий Михайлович
701 1 _aЧураев
_bН. В.
_gНиколай Владимирович
801 0 _aRU
_bNLR
_gpsbo
801 1 _aRU
_bELAR
_2rusmarc
852 _aNLR
_j89-4/15360
942 _cBOOK
980 _aNB